000 01462cad a22002295a 4500
001 L149181
008 100125e20090907xxk 000 0 eng d
035 _a(Sirsi) u149181
041 0 _aeng
245 0 0 _aCulley v Daejan Properties Ltd
_h[electronic resource]
260 _c2009
520 _a[2009] UKUT 167 (LC) LRA/163/2007 7 September 2009. Appeal against Leasehold Valuation Tribunal (LVT) decision in respect of collective enfranchisement claim under Leasehold Reform Housing Urban and Development Act 1993 Sched 6 in respect of block of four 1930's flats in Hillingdon. Two out of four leaseholders participated. "Sportelli v Cadogan" (L146351) [2008] UKHL 72 applied. Hope value of flats of non-participating tenants taken at 10% of marriage value. 5% deferment rate affirmed. Price to be paid for enfranchisment set at £42 883 applied.
590 _aKA
650 2 4 _aEARL CADOGAN V PITTS & ANOR AND EARL CADOGAN & ORS V SPORTELLI & ANOR AND TWO OTHER ACTIONS
650 2 4 _aCULLEY V DAEJAN PROPERTIES LTD
650 2 4 _aZUCKERMAN V TRUSTEES OF CALTHORPE ESTATE
650 2 4 _aLEASEHOLD REFORM, HOUSING AND URBAN DEVELOPMENT ACT 1993
651 4 _aENGLAND AND WALES
690 _aPROPERTY-RESIDENTIAL PROPERTY-RESIDENTIAL LANDLORD AND TENANT-RESIDENTIAL LEASES-RESIDENTIAL LEASEHOLD ENFRANCHISMENT
856 4 8 _uhttps://www.landstribunal.gov.uk/Aspx/view.aspx?id=623
_zView the item free of charge at www.landstribunal.gov.uk...
942 _n0
999 _c82080
_d82080